[Event "BRA-ch U14"]
[Site "Brasilia"]
[Date "2017.04.22"]
[Round "3"]
[White "De Borba, Gabriel"]
[Black "Ferreira, Rafael Cassoni Buel"]
[Result "1-0"]
[WhiteElo "1888"]
[BlackElo "1471"]
[PlyCount "81"]
[EventDate "2017.04.21"]
[EventType "swiss"]
[EventRounds "6"]
[EventCountry "BRA"]
[SourceTitle "CBM 177 Extra"]
[Source "ChessBase"]
[SourceDate "2017.04.27"]
[SourceVersion "1"]
[SourceVersionDate "2017.04.27"]
[SourceQuality "1"]

1. e4 e5 2. Nf3 Nc6 3. Bb5 a6 4. Ba4 Nf6 5. d3 Be7 6. 0-0 d6 7. c3 0-0 8. Nbd2 b5 9. Bc2 h6 10. Re1 Na5 11. Nf1 c5 12. Ng3 Bg4 13. h3 Bxf3 14. Qxf3 Nd7 15. Nf5 Bg5 16. Bxg5 Qxg5 17. Nxd6 g6 18. a4 Qe7 19. axb5 Qxd6 20. Rxa5 Qb6 21. Rxa6 Rxa6 22. bxa6 Qxb2 23. Ba4 Nb6 24. Bc6 Qxc3 25. Rb1 Qa5 26. Qf6 c4 27. Bb7 cxd3 28. Qxb6 Qxb6 29. Rxb6 Rd8 30. Rb1 d2 31. Rd1 Rd4 32. a7 Ra4 33. a8Q+ Rxa8 34. Bxa8 f5 35. Rxd2 fxe4 36. Bxe4 g5 37. Rd5 Kf7 38. Rxe5 Kf6 39. Ra5 h5 40. Kf1 h4 41. Ke2 1-0

[Event "Sao Paulo-C U1700 op 5th"]
[Site "Sao Paulo"]
[Date "2016.10.16"]
[Round "5.34"]
[White "Ferreira, Rafael Cassoni Buel"]
[Black "Higuchi, Giulia Moser"]
[Result "1-0"]
[WhiteElo "1477"]
[BlackElo "1752"]
[PlyCount "67"]
[EventDate "2016.10.13"]
[EventType "swiss"]
[EventRounds "6"]
[EventCountry "BRA"]
[SourceTitle "EXT 2022"]
[Source "ChessBase"]
[SourceDate "2021.10.06"]
[SourceVersion "1"]
[SourceVersionDate "2021.10.06"]
[SourceQuality "1"]

1. e4 e5 2. Nf3 d6 3. Bc4 Nf6 4. Nc3 Nbd7 5. d3 h6 6. 0-0 b6 7. Bd5 Nxd5 8. Nxd5 Bb7 9. Ne3 g6 10. c4 Qe7 11. h3 0-0-0 12. Nd5 Qe6 13. Be3 Nc5 14. b4 Nd7 15. Bd2 Nf6 16. a4 Kb8 17. b5 Nd7 18. Nb4 Nc5 19. Be3 f5 20. a5 fxe4 21. Ne1 exd3 22. Nbxd3 Be7 23. axb6 cxb6 24. Nxc5 dxc5 25. Qa4 Qf5 26. Nf3 Qe4 27. Rfe1 Qf5 28. Nxe5 Qxe5 29. Bf4 Qxf4 30. Rxe7 a6 31. bxa6 Ba8 32. a7+ Kc8 33. Qa6+ Bb7 34. Qxb7# 1-0

[Event "Sao Paulo-C U1700 op 5th"]
[Site "Sao Paulo"]
[Date "2016.10.15"]
[Round "3.32"]
[White "Ferreira, Rafael Cassoni Buel"]
[Black "Riboldi, Mario Garcia"]
[Result "0-1"]
[WhiteElo "1477"]
[BlackElo "1622"]
[PlyCount "78"]
[EventDate "2016.10.13"]
[EventType "swiss"]
[EventRounds "6"]
[EventCountry "BRA"]
[SourceTitle "EXT 2022"]
[Source "ChessBase"]
[SourceDate "2021.10.06"]
[SourceVersion "1"]
[SourceVersionDate "2021.10.06"]
[SourceQuality "1"]

1. e4 c5 2. Nc3 Nc6 3. f4 g6 4. Nf3 Bg7 5. Bc4 e6 6. d3 Nge7 7. 0-0 0-0 8. a3 d5 9. Ba2 Bxc3 10. bxc3 dxe4 11. Ng5 exd3 12. cxd3 h6 13. Ne4 b6 14. c4 Qd4+ 15. Kh1 Qxa1 16. Qc2 f5 17. Ng3 Qf6 18. Bb2 Nd4 19. Qd2 Nec6 20. Ne2 Qd8 21. Qc3 Bb7 22. Re1 Re8 23. Bb3 e5 24. fxe5 Rxe5 25. Nxd4 Rxe1+ 26. Qxe1 Nxd4 27. Qg3 Qg5 28. Qxg5 hxg5 29. Ba2 Re8 30. Bc3 Re2 31. Bxd4 cxd4 32. c5+ Rxa2 33. h4 Rd2 34. Kh2 Rxd3 35. cxb6 axb6 36. hxg5 Rxa3 37. g3 d3 38. g4 f4 39. Kh3 Ra2 0-1

[Event "Sao Paulo Karman Cup 9th"]
[Site "Sao Paulo"]
[Date "2016.08.05"]
[Round "1"]
[White "Ichimura G Barbosa, Larissa Yuki"]
[Black "Ferreira, Rafael Cassoni Buel"]
[Result "1/2-1/2"]
[WhiteElo "1990"]
[BlackElo "1480"]
[PlyCount "87"]
[EventDate "2016.08.05"]
[EventType "swiss"]
[EventRounds "6"]
[EventCountry "BRA"]
[SourceTitle "CBM 174 Extra"]
[Source "ChessBase"]
[SourceDate "2016.10.10"]
[SourceVersion "1"]
[SourceVersionDate "2016.10.10"]
[SourceQuality "1"]

1. e4 e5 2. Nf3 Nc6 3. Bb5 a6 4. Ba4 Nf6 5. 0-0 b5 6. Bb3 Bc5 7. c3 d6 8. Re1 0-0 9. h3 Ne7 10. d4 Bb6 11. dxe5 dxe5 12. Qxd8 Rxd8 13. Nxe5 Be6 14. Bxe6 fxe6 15. Nd2 Rf8 16. Ndf3 Rad8 17. a4 Ng6 18. Nxg6 hxg6 19. Bg5 Rd7 20. axb5 axb5 21. Bh4 b4 22. cxb4 Rd3 23. Ra3 Rxa3 24. bxa3 Ra8 25. Bxf6 gxf6 26. Ra1 Ra4 27. Kf1 e5 28. Nd2 Bd4 29. Rc1 Rxa3 30. Rxc7 Bc3 31. Nb1 Ra1 32. Rxc3 Rxb1+ 33. Ke2 Rxb4 34. Ke3 Kf7 35. f4 Ke6 36. Rc6+ Kf7 37. fxe5 fxe5 38. Kf3 Rb3+ 39. Kg4 Re3 40. Kg5 Rg3+ 41. Kh6 Rxg2 42. Rc5 Kf6 43. Rc6+ Kf7 44. Rc7+ 1/2-1/2

[Event "BRA-ch Amateur U1800"]
[Site "Sao Paulo"]
[Date "2016.05.27"]
[Round "4"]
[White "Ferreira, Rafael Cassoni Buel"]
[Black "Marques, Wedelsom dos Santos"]
[Result "0-1"]
[WhiteElo "1435"]
[BlackElo "1692"]
[PlyCount "76"]
[EventDate "2016.05.26"]
[EventType "swiss"]
[EventRounds "7"]
[EventCountry "BRA"]
[SourceTitle "EXT 2019"]
[Source "ChessBase"]
[SourceDate "2018.10.10"]
[SourceVersion "1"]
[SourceVersionDate "2018.10.10"]
[SourceQuality "1"]

1. e4 c5 2. Nc3 d6 3. f4 e6 4. Nf3 Nc6 5. Bb5 a6 6. Bxc6+ bxc6 7. 0-0 Ne7 8. Qe1 g6 9. Qh4 Bg7 10. f5 gxf5 11. d3 Qc7 12. Bh6 Ng6 13. Qh5 Bxh6 14. Qxh6 f4 15. Nh4 Nxh4 16. Qxh4 e5 17. Qh6 Be6 18. Qg7 0-0-0 19. a3 h5 20. Qf6 h4 21. Ne2 Rdg8 22. b4 Rh5 23. Nxf4 exf4 24. Qxf4 Rg4 25. Qe3 Rhg5 26. Rf2 h3 27. g3 d5 28. Rf3 Qe5 29. Raf1 dxe4 30. dxe4 Rxe4 31. Qd3 Qd4+ 32. Qxd4 cxd4 33. Rc1 Re2 34. Rf4 Rg2+ 35. Kf1 Bc4+ 36. Ke1 Re5+ 37. Kd1 Rg1+ 38. Kd2 Re2# 0-1

[Event "BRA-ch Amateur U1800"]
[Site "Sao Paulo"]
[Date "2016.05.26"]
[Round "2"]
[White "Ferreira, Rafael Cassoni Buel"]
[Black "Nobre, Jose Adalberto Barb"]
[Result "1/2-1/2"]
[WhiteElo "1435"]
[BlackElo "1712"]
[PlyCount "40"]
[EventDate "2016.05.26"]
[EventType "swiss"]
[EventRounds "7"]
[EventCountry "BRA"]
[SourceTitle "EXT 2019"]
[Source "ChessBase"]
[SourceDate "2018.10.10"]
[SourceVersion "1"]
[SourceVersionDate "2018.10.10"]
[SourceQuality "1"]

1. e4 c5 2. Nc3 g6 3. f4 Bg7 4. Nf3 e6 5. Bc4 Ne7 6. 0-0 0-0 7. d3 d5 8. Bb3 Nbc6 9. Qe1 Nd4 10. Qh4 Nec6 11. Qf2 Nxb3 12. axb3 d4 13. Ne2 Nb4 14. Ng3 Bd7 15. e5 Bc6 16. Ng5 b6 17. N5e4 h6 18. Nd6 f5 19. Rd1 Qh4 20. c3 Qg4 1/2-1/2

[Event "Sao Paulo Hebraica op 23rd"]
[Site "Sao Paulo"]
[Date "2016.01.10"]
[Round "6"]
[White "Ferreira, Rafael Cassoni Buel"]
[Black "Ribeiro, Allysson"]
[Result "0-1"]
[WhiteElo "1434"]
[BlackElo "1847"]
[PlyCount "50"]
[EventDate "2016.01.08"]
[EventType "swiss"]
[EventRounds "6"]
[EventCountry "BRA"]
[SourceTitle "CBM 170 Extra"]
[Source "ChessBase"]
[SourceDate "2016.02.25"]
[SourceVersion "1"]
[SourceVersionDate "2016.02.25"]
[SourceQuality "1"]

1. e4 c5 2. Nc3 g6 3. f4 Bg7 4. Nf3 Nc6 5. Bb5 Nf6 6. Bxc6 bxc6 7. d3 0-0 8. 0-0 d6 9. h3 a5 10. Qe1 a4 11. a3 Nh5 12. Ne2 Rb8 13. Rb1 Ba6 14. g4 Nf6 15. Qh4 c4 16. Rd1 cxd3 17. cxd3 Nxe4 18. Ng5 Nxg5 19. Qxg5 Rb3 20. Re1 Bxd3 21. Ra1 Qb6+ 22. Kg2 Be4+ 23. Kf1 Rf3+ 24. Kg2 Qf2+ 25. Kh1 Rxh3# 0-1

[Event "Sao Paulo Hebraica op 23rd"]
[Site "Sao Paulo"]
[Date "2016.01.09"]
[Round "4"]
[White "Maciel, Wilson Jr"]
[Black "Ferreira, Rafael Cassoni Buel"]
[Result "1/2-1/2"]
[WhiteElo "1797"]
[BlackElo "1434"]
[PlyCount "50"]
[EventDate "2016.01.08"]
[EventType "swiss"]
[EventRounds "6"]
[EventCountry "BRA"]
[SourceTitle "CBM 170 Extra"]
[Source "ChessBase"]
[SourceDate "2016.02.25"]
[SourceVersion "1"]
[SourceVersionDate "2016.02.25"]
[SourceQuality "1"]

1. d4 Nf6 2. Nf3 g6 3. c4 Bg7 4. Nc3 d6 5. e4 0-0 6. Be2 Nbd7 7. 0-0 c5 8. d5 Nb6 9. Qc2 Bg4 10. h3 Bxf3 11. gxf3 Qd7 12. Kh2 e6 13. Rb1 Rfe8 14. Rg1 Qe7 15. Be3 exd5 16. cxd5 Qe5+ 17. f4 Qe7 18. Bf3 Nfd7 19. Ne2 Qh4 20. Ng3 Bd4 21. Nf5 Qf6 22. Bxd4 cxd4 23. Qd2 Kf8 24. Nxd6 Nc4 25. Qd1 Qxf4+ 1/2-1/2

[Event "Pan American-ch U12"]
[Site "Cali"]
[Date "2015.07.01"]
[Round "6"]
[White "Ferreira, Rafael Cassoni Buel"]
[Black "Ccerhuayo Escobedo, Mels Leopold"]
[Result "1/2-1/2"]
[WhiteElo "1509"]
[BlackElo "1703"]
[PlyCount "33"]
[EventDate "2015.06.28"]
[EventType "swiss"]
[EventRounds "9"]
[EventCountry "COL"]
[SourceTitle "EXT 2016"]
[Source "ChessBase"]
[SourceDate "2015.10.08"]
[SourceVersion "1"]
[SourceVersionDate "2015.10.08"]
[SourceQuality "1"]

1. e4 c5 2. Nf3 d6 3. d4 cxd4 4. Nxd4 Nf6 5. Nc3 g6 6. Be3 Bg7 7. f3 Nc6 8. Nb3 0-0 9. Qd2 Be6 10. 0-0-0 Rc8 11. Kb1 a6 12. Bh6 b5 13. Bxg7 Kxg7 14. Bd3 Ne5 15. Qf2 Qc7 16. Rc1 Nc4 17. Qd4 1/2-1/2

[Event "Sao Paulo Hebraica op 20th"]
[Site "Sao Paulo"]
[Date "2015.06.06"]
[Round "5"]
[White "Ferreira, Ana Luiza Cassoni B"]
[Black "Ferreira, Rafael Cassoni Buel"]
[Result "1/2-1/2"]
[WhiteElo "1202"]
[BlackElo "1509"]
[PlyCount "98"]
[EventDate "2015.06.04"]
[EventType "swiss"]
[EventRounds "6"]
[EventCountry "BRA"]
[SourceTitle "CBM 166 Extra"]
[Source "ChessBase"]
[SourceDate "2015.06.18"]
[SourceVersion "1"]
[SourceVersionDate "2015.06.18"]
[SourceQuality "1"]

1. e4 d6 2. d4 Nf6 3. Nc3 g6 4. f3 Bg7 5. Be3 0-0 6. Qd2 b6 7. 0-0-0 Bb7 8. Bh6 Nc6 9. Bxg7 Kxg7 10. d5 Ne5 11. Be2 c6 12. dxc6 Nxc6 13. Nh3 a5 14. g4 Ba6 15. Bxa6 Rxa6 16. Nf4 a4 17. a3 Qa8 18. Nfd5 Qb7 19. Nxf6 exf6 20. Qxd6 b5 21. Qc5 Rb8 22. Rd6 Ra5 23. Nd5 Rc8 24. Rxf6 Ne7 25. Qd4 Kg8 26. Nxe7+ Qxe7 27. Qd6 Qxd6 28. Rxd6 Rb8 29. Rd5 Ra6 30. Kd2 Rab6 31. Rd4 Kg7 32. Ke3 h6 33. h4 Rc8 34. c3 Kf6 35. h5 g5 36. f4 Rc5 37. fxg5+ Kxg5 38. Kf3 Rc4 39. Rxc4 bxc4 40. Rb1 Rf6+ 41. Ke3 Kxg4 42. Rh1 Rb6 43. Rh2 Kg3 44. Rf2 Rb7 45. Rd2 Kg4 46. Rh2 Rd7 47. Ke2 Rb7 48. Ke3 f6 49. Kd4 Rc7 1/2-1/2

[Event "BRA-ch Amateur"]
[Site "Sao Paulo"]
[Date "2015.04.30"]
[Round "1"]
[White "Ikeda, Vinicius Yasuto"]
[Black "Ferreira, Rafael Cassoni Buel"]
[Result "1-0"]
[WhiteElo "1944"]
[BlackElo "1569"]
[PlyCount "99"]
[EventDate "2015.04.30"]
[EventType "swiss"]
[EventRounds "7"]
[EventCountry "BRA"]
[SourceTitle "EXT 2022"]
[Source "ChessBase"]
[SourceDate "2021.10.06"]
[SourceVersion "1"]
[SourceVersionDate "2021.10.06"]
[SourceQuality "1"]

1. d4 Nf6 2. c4 e5 3. dxe5 Ng4 4. Nf3 Nc6 5. Bg5 Be7 6. Bf4 d6 7. exd6 cxd6 8. e3 Nf6 9. Be2 0-0 10. 0-0 Bg4 11. h3 Bh5 12. Nc3 Qb6 13. Qd2 Na5 14. Na4 Qc6 15. Qxa5 b6 16. Qb5 Qe4 17. Ng5 Qg6 18. Bxh5 Nxh5 19. Nf3 a6 20. Qd7 Bf6 21. Nxb6 Rab8 22. Qc6 Bxb2 23. Rad1 Nxf4 24. exf4 Ba3 25. Nd7 Rfc8 26. Qa4 Rb7 27. Qxa3 Rxd7 28. Ne5 dxe5 29. Rxd7 Rf8 30. fxe5 Qe6 31. Qe7 Qxe7 32. Rxe7 h6 33. c5 Rc8 34. Rc1 Kf8 35. Ra7 g5 36. Rxa6 Kg7 37. c6 Kg6 38. c7+ Kf5 39. Rd6 g4 40. hxg4+ Kxe5 41. Rd8 h5 42. Rxc8 f5 43. Re8+ Kf4 44. Rc4+ Kg5 45. gxh5 f4 46. c8Q f3 47. Qc5+ Kf6 48. Rf4+ Kg7 49. Qg5+ Kh7 50. Qg6# 1-0

[Event "Sao Paulo Hebraica op 17th"]
[Site "Sao Paulo"]
[Date "2014.01.12"]
[Round "6"]
[White "Ferreira, Rafael Cassoni Buel"]
[Black "Ferreira, Renato Luis Bueloni"]
[Result "1-0"]
[WhiteElo "1665"]
[BlackElo "1682"]
[PlyCount "113"]
[EventDate "2014.01.09"]
[EventType "swiss"]
[EventRounds "6"]
[EventCountry "BRA"]
[SourceTitle "CBM 158 Extra"]
[Source "ChessBase"]
[SourceDate "2014.02.28"]
[SourceVersion "1"]
[SourceVersionDate "2014.02.28"]
[SourceQuality "1"]

1. e4 e5 2. Nf3 Nc6 3. Bb5 Nf6 4. Nc3 h6 5. 0-0 a6 6. Bxc6 bxc6 7. Nxe5 d5 8. exd5 cxd5 9. d4 Bb7 10. Re1 Be7 11. Ng4 0-0 12. Nxf6+ Bxf6 13. Qg4 g5 14. Qh5 Bxd4 15. Qxh6 Qf6 16. Qxf6 Bxf6 17. b3 Rae8 18. Rxe8 Rxe8 19. Bb2 c5 20. Rb1 g4 21. Na4 Bxb2 22. Nxb2 Re2 23. c4 f5 24. Nd3 Rxa2 25. Nxc5 Bc6 26. f3 gxf3 27. gxf3 a5 28. Na6 dxc4 29. bxc4 Bxf3 30. Rb8+ Kg7 31. Rb5 Rg2+ 32. Kf1 Rxh2 33. Rxf5 Rh5 34. Rxf3 a4 35. Ra3 Ra5 36. Nc5 Rxc5 37. Rxa4 Kf6 38. Ke2 Ke5 39. Kd3 Kd6 40. Kd4 Rc6 41. Ra5 Kd7 42. Rd5+ Rd6 43. c5 Rxd5+ 44. Kxd5 Kc7 45. c6 Kd8 46. Kd6 Kc8 47. c7 Kb7 48. Kd7 Kb6 49. c8Q Kb5 50. Qc6+ Kb4 51. Kd6 Kb3 52. Kd5 Kb4 53. Qc4+ Ka3 54. Qb5 Ka2 55. Kc4 Ka1 56. Kc3 Ka2 57. Qb2# 1-0

[Event "Sao Paulo Hebraica op 17th"]
[Site "Sao Paulo"]
[Date "2014.01.11"]
[Round "4"]
[White "Ferreira, Rafael Cassoni Buel"]
[Black "Nunes, Agatha Hurba"]
[Result "0-1"]
[WhiteElo "1665"]
[BlackElo "1676"]
[PlyCount "64"]
[EventDate "2014.01.09"]
[EventType "swiss"]
[EventRounds "6"]
[EventCountry "BRA"]
[SourceTitle "CBM 158 Extra"]
[Source "ChessBase"]
[SourceDate "2014.02.28"]
[SourceVersion "1"]
[SourceVersionDate "2014.02.28"]
[SourceQuality "1"]

1. e4 e6 2. d4 d5 3. exd5 exd5 4. Nf3 Nf6 5. c4 Bb4+ 6. Bd2 Bxd2+ 7. Qxd2 0-0 8. Nc3 Re8+ 9. Be2 dxc4 10. 0-0 Be6 11. Ng5 Bd5 12. Qf4 h6 13. Nf3 c6 14. Rfe1 Nbd7 15. Nxd5 cxd5 16. Qf5 Qb6 17. Rab1 Qe6 18. Qxe6 Rxe6 19. b3 Rae8 20. Kf1 c3 21. Rbc1 Ne4 22. Bb5 Nd2+ 23. Kg1 Nxf3+ 24. gxf3 Rxe1+ 25. Rxe1 Rxe1+ 26. Kg2 c2 27. Bxd7 c1Q 28. a4 Rg1+ 29. Kh3 Qf1+ 30. Kh4 Qxf2+ 31. Kh5 Qxh2+ 32. Bh3 Qxh3# 0-1